000 00919nam a22001937a 4500
005 20120309123426.0
010 _aB-456384
020 _a9780521732208
_c55.00
035 _aB-456384
082 _a488.0076
100 _aTayfoor, Susanne
_944439
245 _aCommon mistakes at upper-intermediate...and how to avoid them /
_cby Susanne Tayfoor
260 _aNew Delhi
_bCambridge University Press
_c2008
270 _aCambridge House,4381/4,Ansari Road,Daryaganj,
_bNew Delhi
_e110002
300 _a64p
_c22cm(pbk)
_bill
942 _2ddc
_cEN
_mTAY
_h488.0076
999 _c63938
_d63938